Eickstedt, Egon Freiherr von Rassenkunde und Rassengeschichte der Menschheit /

Elmentve itt :
Bibliográfiai részletek
Szerző: Bartucz Lajos
További közreműködők: Eickstedt Egon Freiherr
Dokumentumtípus: Cikk
Megjelent: 1942
Sorozat:Délvidéki szemle 1
Kulcsszavak:Emberfajták - összehasonlító - könyvismertetés, Embertan - fizikai - könyvismertetés, Antropometria - könyvismertetés
Tárgyszavak:
Online Access:http://acta.bibl.u-szeged.hu/19158
LEADER 00817nab a2200205 i 4500
001 acta19158
005 20251105132743.0
008 161015s1942 hu o 000 hun d
040 |a SZTE Egyetemi Kiadványok Repozitórium  |b hun 
041 |a hun 
100 1 |a Bartucz Lajos 
245 1 0 |a Eickstedt, Egon Freiherr von  |h [elektronikus dokumentum] :  |b Rassenkunde und Rassengeschichte der Menschheit /  |c  Bartucz Lajos 
260 |c 1942 
300 |a 351 
490 0 |a Délvidéki szemle  |v 1 
650 4 |a Társadalomtudományok 
650 4 |a Szociológia 
695 |a Emberfajták - összehasonlító - könyvismertetés, Embertan - fizikai - könyvismertetés, Antropometria - könyvismertetés 
700 0 1 |a Eickstedt Egon Freiherr 
856 4 0 |u http://acta.bibl.u-szeged.hu/19158/1/delvideki_szemle_001_351.pdf  |z Dokumentum-elérés